000 01070cai a22001935a 4500
001 L141728
008 071217u xxk g 000 0 eng d
035 _a(Sirsi) u141728
041 0 _aeng
110 2 _aLondon Development Agency
_95482
245 0 0 _aLondon
_bgreen homes
_h[electronic resource]
520 _aProvides information, help and advice for landlords, tenants and homeowners on basic green practices, products and technologies that will help reduce London's carbon dioxide emissions and meet the targets from the Mayor's Climate Change Action Plan. Also includes information about the Green Homes Concierge Service (a paid-for service), grants, and calculating carbon footprints.
590 _aKA
651 4 _aLondon (Greater London Authority)
_c2000-
_93989
690 _aENVIRONMENTAL AND LAND CONSULTANCY-ENVIRONMENTAL MANAGEMENT
710 1 _aLondon
_bGreater London Authority
_bMayor of London
_94869
856 4 0 _uhttps://www.londonclimatechange.co.uk/greenhomes/home
_zView the website free of charge at www.londonclimatechange.co.uk...
942 _n0
999 _c120637
_d120637